the reckless oath we made / (Record no. 185838)

MARC details
000 -LEADER
fixed length control field 01306nam a2200265 i 4500
003 - CONTROL NUMBER IDENTIFIER
control field OSt
005 - DATE AND TIME OF LATEST TRANSACTION
control field 20211102112142.0
008 - FIXED-LENGTH DATA ELEMENTS--GENERAL INFORMATION
fixed length control field 211102s2019 nyu e 000 f eng d
020 ## - INTERNATIONAL STANDARD BOOK NUMBER
International Standard Book Number 9780525541851
Terms of availability RM79.95
Qualifying information paperback
040 ## - CATALOGING SOURCE
Original cataloging agency PPAK
Language of cataloging eng
Transcribing agency PPAK
Description conventions rda
082 04 - DEWEY DECIMAL CLASSIFICATION NUMBER
Edition number 23
Classification number 813.6
090 00 - LOCALLY ASSIGNED LC-TYPE CALL NUMBER (OCLC); LOCAL CALL NUMBER (RLIN)
Classification number (OCLC) (R) ; Classification number, CALL (RLIN) (NR) 813.6
Feature heading GRE
Feature heading G
100 1# - MAIN ENTRY--PERSONAL NAME
Personal name Greenwood, Bryn,
Relator term author.
245 14 - TITLE STATEMENT
Title the reckless oath we made /
Statement of responsibility, etc. BRYN GREENWOOD
264 #1 - PRODUCTION, PUBLICATION, DISTRIBUTION, MANUFACTURE, AND COPYRIGHT NOTICE
Place of production, publication, distribution, manufacture New York :
Name of producer, publisher, distributor, manufacturer Putnam's Sons,
Date of production, publication, distribution, manufacture, or copyright notice 2020.
300 ## - PHYSICAL DESCRIPTION
Extent 452 pages ;
Dimensions 21 cm
336 ## - CONTENT TYPE
Source rdacontent
Content type term text
337 ## - MEDIA TYPE
Source rdamedia
Media type term unmediated
338 ## - CARRIER TYPE
Source rdacarrier
Carrier type term volume
520 ## - SUMMARY, ETC.
Summary, etc. Their journey will break them - or save them. A moving and complicated love story for our time, The Reckless Oath We Made redefines what it means to be heroic. Zee has never admitted to needing anybody. But she needs Gentry. Her tough exterior shelters a heart that's loyal to the point of self-destruction, while autistic Gentry wears his heart on his sleeve, including his desire to protect Zee at all costs. When an abduction tears Zee's family apart, she turns to Gentry - and sets in motion a journey and a love that will change their lives forever
650 10 - SUBJECT ADDED ENTRY--TOPICAL TERM
Topical term or geographic name entry element Man-woman relationships
Form subdivision Fiction.
Topical term or geographic name entry element Kidnapping
Form subdivision Fiction.
655 7# - INDEX TERM--GENRE/FORM
Genre/form data or focus term Domestic fiction
942 ## - ADDED ENTRY ELEMENTS (KOHA)
Source of classification or shelving scheme Dewey Decimal Classification
Koha item type Book
Holdings
Withdrawn Not for loan Current library Shelving location Date acquired Total Checkouts Total Renewals Full call number Barcode Date last seen Date last checked out Koha item type
    Perpustakaan Alor Setar Pinjaman Dewasa 14/11/2021 2 1 813.6 GRE A01709600 13/07/2022 20/06/2022 Book
    Perpustakaan Awam Sungai Petani Pinjaman Dewasa 14/11/2021 4 1 813.6 GRE A01709601 04/07/2023 06/06/2023 Book
    Perpustakaan Jitra Pinjaman Dewasa 14/11/2021     813.6 GRE A01709602 14/11/2021   Book
    Perpustakaan Kulim Pinjaman Dewasa 14/11/2021 9 8 813.6 GRE A01709604 21/11/2023 08/10/2023 Book
    Perpustakaan Langkawi Pinjaman Dewasa 14/11/2021 2   813.6 GRE A01709603 09/01/2024 07/01/2024 Book